000 00431nam a2200181Ia 4500
001 7557
005 20260306160504.0
008 260306t2025||||xx |||||||||||||| ||spa||
041 _aESP
082 _a351.85
_bR75
100 _aRodríguez Huasupoma, Willy,
_eAUT
245 0 _aManual de gestión pública
260 _c2025
300 _a606 páginas :
_c25 cm.
650 _aGEN
654 _aCAN
942 _cLIB
_dJUS
_fJUS
_2ddc
_n
999 _c7557
_d7557